| 000 | 00381nam a22001697a 4500 | ||
|---|---|---|---|
| 005 | 20260407144906.0 | ||
| 008 | 160627b xxu||||| |||| 00| 0 eng d | ||
| 020 | _a0-00-711250-5 | ||
| 041 | _aeng | ||
| 082 | _a823.914 | ||
| 100 |
_aWelch, Jane _92943 |
||
| 245 | _aThe Broken Chalice | ||
| 260 |
_bHarper Collins _c2002 |
||
| 300 | _a529 | ||
| 650 | _aManagement | ||
| 942 | _cBK | ||
| 999 |
_c4256 _d4255 |
||